Agua
La historia transcurre en 1938 en la India colonial, en pleno movimiento de emancipación liderado por Mahatma Gandhi. Se celebra una boda que bien podría ser un entierro: casan a Chuyia (Sarala), una niña de 8 años, con un moribundo que fallece esa misma noche. Se quema su cuerpo en la orilla de un...
Guardado en:
| Autor Principal: | |
|---|---|
| Autor Corporativo: | |
| Otros Autores: | , , , , , |
| Formato: | |
| Idioma: | Undetermined |
| Publicado: |
India :
Mongrel Media,
2005.
|
| Materias: | |
| Etiquetas: |
Agregar Etiqueta
Sin Etiquetas, Sea el primero en etiquetar este registro!
|
| LEADER | 01584ngm a22002895a 4500 | ||
|---|---|---|---|
| 001 | CEM.cems020175 | ||
| 008 | 230607s2005####xx#---############vlund#d | ||
| 005 | 20230607203858.0 | ||
| 245 | 1 | 0 | |a Agua |h [videograbación] / |c Deepa Mehta. |
| 260 | |a India : |b Mongrel Media, |c 2005. | ||
| 300 | |a 112'. | ||
| 520 | |a La historia transcurre en 1938 en la India colonial, en pleno movimiento de emancipación liderado por Mahatma Gandhi. Se celebra una boda que bien podría ser un entierro: casan a Chuyia (Sarala), una niña de 8 años, con un moribundo que fallece esa misma noche. Se quema su cuerpo en la orilla de un río sagrado y Chuyia se prepara para el destino que han escogido para ella. Se le afeita la cabeza e ingresa en un ashram para viudas donde deberá pasar el resto de su vida, convertida en un altar viviente consagrado a la memoria del fallecido. Última película de la famosa trilogía de Mehta, compuesta por "Fuego" (1996) y "Tierra" (1998). | ||
| 590 | |a Identificación anterior: 61 | ||
| 538 | |a Soporte: DVD -- Formato: DVD Peso: 4.03gb -- Resolución: 720 x 480 -- 29.97fps | ||
| 500 | |a Título original: Water. | ||
| 100 | 1 | |a Mehta, Deepa. | |
| 700 | 1 | |a Mehta, Diipa; Guion. | |
| 700 | 1 | |a Kashyap, Anurag; Guion. | |
| 700 | 1 | |a Biswas, Seema; Reparto. | |
| 700 | 1 | |a Ray, Lisa; Reparto. | |
| 700 | 1 | |a Abraham, John; Reparto. | |
| 700 | 1 | |a Kariyawasam, Sarala; Reparto. | |
| 710 | 2 | |a Deepa Mehta Films. | |
| 653 | |a LARGOMETRAJE | ||
| 653 | |a FICCIÓN | ||
| 653 | |a DRAMA | ||
| 859 | |a CEMS |b BIB. CEMS - Depto. Recursos Didacticos |h 778.5 |i MEH |k DRD |p 3019.23 |t Ej.1 | ||
